| Tag |
First Indicator |
Second Indicator |
Subfields |
| LEADER |
00000cam a2200000 i 4500 |
| 001 |
in00002784919 |
| 005 |
20150922144533.0 |
| 008 |
121018s2012 nyu b 001 0 eng |
| 010 |
|
|
|a 2012034946
|
| 020 |
|
|
|a 9780230301672
|
| 020 |
|
|
|a 0230301673
|
| 035 |
|
|
|a (OCoLC)ocn794708845
|
| 040 |
|
|
|a DLC
|e rda
|c DLC
|d UtOrBLW
|
| 043 |
|
|
|a e-gx---
|a e-gw---
|
| 049 |
|
|
|a TXAM
|
| 050 |
0 |
0 |
|a DD257.25
|b .K563 2012
|
| 082 |
0 |
0 |
|a 943.087/8
|2 23
|
| 100 |
1 |
|
|a Kleuters, Joost,
|e author.
|
| 245 |
1 |
0 |
|a Reunification in West German party politics from Westbindung to Ostpolitik /
|c Joost Kleuters.
|
| 264 |
|
1 |
|a New York :
|b Palgrave Macmillan,
|c 2012.
|
| 300 |
|
|
|a ix, 203 pages ;
|c 23 cm.
|
| 336 |
|
|
|a text
|b txt
|2 rdacontent
|
| 337 |
|
|
|a unmediated
|b n
|2 rdamedia
|
| 338 |
|
|
|a volume
|b nc
|2 rdacarrier
|
| 490 |
1 |
|
|a New perspectives in German political studies
|
| 504 |
|
|
|a Includes bibliographical references and index.
|
| 505 |
0 |
|
|a Contents -- Acknowledgements -- Introduction -- Between Continuity and Change -- Westbindung instead of Wiedervereinigung -- Reunification Policy under Pressure: Taking the Offensive -- The Christian Democrats Stick, the Social Democrats Swing -- A Tale of Three Cities: Bonn, Berlin and Washington -- Adenauer's Long Shadow -- Ostpolitik on Hold -- Crossing the Rubicon: Brandt's Ostpolitik -- Conclusions -- Sources and Literature.
|
| 520 |
|
|
|a This book combines new thinking in international relations theory and foreign policy analysis with original historical research concerning West German party politics in the 1950s and 1960s and the struggle between the Christian Democrats and Social Democrats on the issue of how reunification should be approached, from Adenauer's policy of Westbindung to Brandt's Ostpolitik. It contributes to theory formation on international politics and foreign policy by using the Federal Republic as a crucial case study on "strategic states" in international politics and at the same time adds to the historiography of the German question and West German reunification policy. The result is a compelling, detailed narrative with a clear focus on theoretical relevance concerning foreign policy decision-making. This book is essential reading for students and scholars of German politics, German History, European studies and foreign policy.
|
| 650 |
|
7 |
|a POLITICAL SCIENCE / International Relations / General.
|2 bisacsh
|
| 650 |
|
7 |
|a POLITICAL SCIENCE / History & Theory.
|2 bisacsh
|
| 650 |
|
7 |
|a POLITICAL SCIENCE / Political Ideologies / Nationalism.
|2 bisacsh
|
| 650 |
|
7 |
|a POLITICAL SCIENCE / Political Ideologies / Democracy.
|2 bisacsh
|
| 650 |
|
0 |
|a German reunification question (1949-1990)
|
| 651 |
|
0 |
|a Germany (West)
|x Politics and government
|y 1945-1990.
|
| 650 |
|
0 |
|a Political parties
|z Germany (West)
|x History
|y 20th century.
|
| 830 |
|
0 |
|a New perspectives in German political studies.
|
| 945 |
|
|
|a PromptCat
|b 99262
|
| 946 |
|
|
|a stk
|
| 947 |
|
|
|a A14835932661
|
| 948 |
|
|
|a cataloged
|b h
|c 2012/11/27
|d c
|e dmitchel
|f 8:20:10 am
|
| 994 |
|
|
|a C0
|b TXA
|
| 999 |
|
|
|a MARS
|
| 999 |
f |
f |
|s 9344cce4-073b-3b37-8644-caf959b5ede2
|i 4fdda2ca-823b-3735-b555-531a4168f51d
|t 0
|
| 952 |
f |
f |
|p normal
|a Texas A&M University
|b College Station
|c Sterling C. Evans Library
|d Evans: Library Stacks
|t 0
|e DD257.25 .K563 2012
|h Library of Congress classification
|i unmediated -- volume
|m A14835932661
|
| 998 |
f |
f |
|a DD257.25 .K563 2012
|t 0
|l Evans: Library Stacks
|